000 00571nam a22001817a 4500
003 OSt
005 20260326064621.0
008 260326b |||||||| |||| 00| 0 eng d
040 _aDWCL GS lib
_cOC
082 _aRes. 899.211 V625j 2011
245 _aJose Rizal :
_bNoli Me Tangere /
260 _aQuezon City
_bLampara Publishing House, Inc.
_cRes. 899.211 V625j 2011
300 _billustrations
_c24cm.
546 _aEnglish
650 _acomic book
650 _agraphic novel
942 _2ddc
_cBK-0 CIRC
_hRes. 899.211 V625j 2011
_n0
999 _c9289
_d9289